Spell the Marvel Character #44 - Statistics

General Stats
  • This quiz has been taken 40 times
  • The average score is 11 of 13
Answer Stats
Picture Answer % Correct
Ant-Man
100%
Captain Marvel
97%
Vision
97%
Rocket Raccoon
94%
Thing
94%
Invisible Woman
91%
Ms. Marvel
88%
Okoye
88%
Rogue
75%
Yondu
72%
Outlaw
66%
Jubilee
63%
Major Victory
59%
No matching quizzes found
Score Distribution
Percent of People with Each Score
Percentile by Number Answered
Your Score History
You have not taken this quiz